000 00227nam a2200097Ia 4500
008 220601s9999 xx 000 0 und d
020 _a33228022389769
100 _aD ROBBINS
_9132945
245 0 _aDISCOVERING FIRE
942 _cBK
_w561
_xJohn Tresidder
_y561
_zJohn Tresidder
999 _c667143
_d667142